MARC details
| 000 -CABECERA |
| campo de control de longitud fija |
01363nam a2200277 u 4500 |
| 001 - NÚMERO DE CONTROL |
| campo de control |
000027788 |
| 003 - IDENTIFICADOR DEL NÚMERO DE CONTROL |
| campo de control |
DO-SdBNP |
| 005 - FECHA Y HORA DE LA ÚLTIMA TRANSACCIÓN |
| campo de control |
20250918104915.0 |
| 008 - DATOS DE LONGITUD FIJA--INFORMACIÓN GENERAL |
| campo de control de longitud fija |
090709s1987 dr a 001 0 spa d |
| 040 ## - FUENTE DE LA CATALOGACIÓN |
| Centro catalogador/agencia de origen |
DO-SdBNP |
| Lengua de catalogación |
spa |
| Centro/agencia transcriptor |
BNPHU |
| 082 ## - NÚMERO DE LA CLASIFICACIÓN DECIMAL DEWEY |
| Número de clasificación |
304.6097293 |
| Número de documento/Ítem |
R426e, 1986 |
| 110 ## - ENTRADA PRINCIPAL--NOMBRE DE ENTIDAD CORPORATIVA |
| Nombre de entidad corporativa o nombre de jurisdicción como elemento de entrada |
República Dominicana |
| Unidad subordinada |
Secretaría de Estado de Salud Pública y Asistencia Social |
| -- |
Consejo Nacional de Población y Familia |
| 9 (RLIN) |
54778 |
| 245 10 - MENCIÓN DE TÍTULO |
| Título |
República Dominicana : |
| Resto del título |
encuesta demográfica y de salud. DHS-1986. |
| 260 ## - PUBLICACIÓN, DISTRIBUCIÓN, ETC. |
| Lugar de publicación, distribución, etc. |
Santo Domingo : |
| -- |
[Columbia, Maryland, U.S.A.] : |
| Nombre del editor, distribuidor, etc. |
CONAPOFA, |
| -- |
Institute for Resource Development, |
| Fecha de publicación, distribución, etc. |
1987. |
| 300 ## - DESCRIPCIÓN FÍSICA |
| Extensión |
x, 100, 39 p. : |
| Otras características físicas |
il. ; |
| Dimensiones |
28 cm. |
| 504 ## - NOTA DE BIBLIOGRAFÍA, ETC. |
| Nota de bibliografía, etc. |
Incluye referencias bibliográficas |
| 590 ## - NOTA LOCAL (RLIN) |
| Nota local |
Inventariado, 2018/BT |
| 650 #0 - PUNTO DE ACCESO ADICIONAL DE MATERIA--TÉRMINO DE MATERIA |
| Término de materia o nombre geográfico como elemento de entrada |
Fertilidad humana |
| Subdivisión geográfica |
República Dominicana |
| Subdivisión general |
Estadísticas |
| Subdivisión cronológica |
1986 |
| 9 (RLIN) |
13543 |
| 650 #4 - PUNTO DE ACCESO ADICIONAL DE MATERIA--TÉRMINO DE MATERIA |
| Término de materia o nombre geográfico como elemento de entrada |
Control natal |
| Subdivisión geográfica |
República Dominicana |
| Subdivisión general |
Estadísticas |
| Subdivisión cronológica |
1986 |
| 9 (RLIN) |
54860 |
| 650 #4 - PUNTO DE ACCESO ADICIONAL DE MATERIA--TÉRMINO DE MATERIA |
| Término de materia o nombre geográfico como elemento de entrada |
Mortalidad |
| Subdivisión geográfica |
República Dominicana |
| -- |
Estadísticas |
| Subdivisión cronológica |
1986 |
| 9 (RLIN) |
54861 |
| 651 #4 - PUNTO DE ACCESO ADICIONAL DE MATERIA--NOMBRE GEOGRÁFICO |
| Nombre geográfico |
República Dominicana |
| Subdivisión general |
Población |
| -- |
Estadísticas |
| Subdivisión cronológica |
1986 |
| 9 (RLIN) |
54862 |
| 710 2# - PUNTO DE ACCESO ADICIONAL--NOMBRE DE ENTIDAD CORPORATIVA |
| Nombre de entidad corporativa o nombre de jurisdicción como elemento de entrada |
Consejo Nacional de Población y Familia (República Dominicana) |
| 9 (RLIN) |
6985 |
| 710 2# - PUNTO DE ACCESO ADICIONAL--NOMBRE DE ENTIDAD CORPORATIVA |
| Nombre de entidad corporativa o nombre de jurisdicción como elemento de entrada |
Institute for Resource Development / Westinghouse (Columbia, Md.) Surveys. |
| Unidad subordinada |
Demographic and Health Surveys. |
| 9 (RLIN) |
54863 |
| 910 ## - DATOS DE OPCIÓN DEL USUARIO (OCLC) |
| Datos de opción del usuario |
Validado. Control de calidad. MFF |
| 942 ## - ELEMENTOS DE PUNTO DE ACCESO ADICIONAL (KOHA) |
| Fuente del sistema de clasificación o colocación |
Dewey Decimal Classification |
| Tipo de ítem Koha |
Libro |